| 000 | 00657nam a22001577a 4500 | ||
|---|---|---|---|
| 005 | 20091027091229.0 | ||
| 008 | 091027t xxu||||| |||| 00| 0 eng d | ||
| 020 | _a81-7496-617-X | ||
| 080 |
_a347.764(540) _bTAX |
||
| 245 |
_aTaxmann's insurance law manual with IRDA circulars & notification: _ban authorised publication of insurance regulatory and divelopment authority |
||
| 260 |
_aNew Delhi _bTaxmann allied services _c2005 |
||
| 300 | _avarious pagination | ||
| 653 |
_aLaw of insurance _aInsurance law-India |
||
| 942 | _cREF | ||
| 952 |
_w2009-10-27 _p00054101 _r2009-10-27 _40 _00 _bUL _10 _o347.764(540) TAX _d2009-10-27 _70 _2udc _yREF _aUL |
||
| 999 |
_c9474 _d9473 |
||